000 00793cab a2200265 4500
001 ABS58223
008 090401t1998 xxu||||| |||| 00| 0 eng d
035 _a(Sirsi) u83456
041 _aeng
100 _aJones, J.
245 _aAgenda 2000: prospects for farm income support
260 _c1998
350 _a0
490 _aCSM
_bChartered Surveyor Monthly
_vJanuary 1998, 53(1)
520 _aAn overview of the European Commission`s plans for agriculture, Agenda 2000, which place more emphasis on direct payment and less on market support.
650 _aAGENDA 2000
650 _aAGRICULTURE
650 _aCAP REFORM
650 _aDIRECT PAYMENTS
650 _aEUROPEAN COMMISSION
650 _aFUNDING
690 _aRURAL PRACTICE
942 _n0
948 _c30/01/1998
999 _c52710
_d52710